'The Lahore Conference' in the Asian Review

Description: v50, numbers184, pp256-267.

Bibliographic Details
Main Author: Walker, Rt Hon Patrick C Gordon (Author)
Corporate Author: Adam Matthew Digital (Firm) (digitiser.)
Format: eBook
Language:English
Published: Marlborough, Wiltshire : Adam Matthew Digital, 2019.
Series:AM Scholar: Empire Studies.
Subjects:
Online Access:Connect to the full text of this electronic book

MARC

Tag First Indicator Second Indicator Subfields
LEADER 00000cam a2200000Mi 4500
001 in00005485331
006 m o d
007 cr |n|---uuuuu
008 190801s2019 enk o ||| 0 eng d
005 20240917171435.0
035 |a (OCoLC)on1119020346 
040 |a UKAMD  |b eng  |c UKAMD  |d OCLCO  |d OCLCL 
035 |a (OCoLC)1119020346 
049 |a TXAM 
100 1 |a Walker, Rt Hon Patrick C Gordon,  |e author. 
245 1 0 |a 'The Lahore Conference' in the Asian Review  |g 1954. 
264 1 |a Marlborough, Wiltshire :  |b Adam Matthew Digital,  |c 2019. 
300 |a 1 online resource. 
336 |a text  |b txt  |2 rdacontent 
337 |a computer  |b c  |2 rdamedia 
338 |a online resource  |b cr  |2 rdacarrier 
490 0 |a AM Scholar: Empire Studies. 
500 |a RCS.Per.247, 
520 8 |a Description: v50, numbers184, pp256-267. 
534 |p Reproduction of:  |t 'The Lahore Conference' in the Asian Review  |c 1954. 
535 1 |a Cambridge University Library 
542 |f Royal Commonwealth Society 
588 0 |a Description based on online resource (viewed on August 1, 2019). 
655 7 |a Electronic books.  |2 local 
710 2 |a Adam Matthew Digital (Firm),  |e digitiser. 
758 |i has work:  |a 'The Lahore Conference' in the Asian Review 1954 (Text)  |1 https://id.oclc.org/worldcat/entity/E39PCYQKJXmVRVVGgQ6YphJQ7b  |4 https://id.oclc.org/worldcat/ontology/hasWork 
856 4 0 |u http://proxy.library.tamu.edu/login?url=https://www.amscholar.amdigital.co.uk/Documents/Details/EmpireAndCommonwealth_Part2_Reel40_Vol2  |z Connect to the full text of this electronic book  |t 0 
955 |a Adam Matthew Scholar Empire Studies 
994 |a 92  |b TXA 
999 f f |s 6908d017-8eec-4211-853b-b323225d804d  |i 1f63f3f9-ec83-47cb-b90a-6c1c8315cad2  |t 0 
952 f f |a Texas A&M University  |b College Station  |c Electronic Resources  |d Available Online  |t 0  |h Library of Congress classification 
998 f f |t 0  |l Available Online